Top 10 krajów produkujących banany - Statystyki

Ogólne statystyki
  • Ten quiz został rozwiązany 1 093 razy
  • Średni wynik to 6 z 14
Statystyki odpowiedzi
mnóstwo Kraj % Poprawnych
6.76 milion Brazylia
92%
13.3 million Chiny
70%
2.04 milion Kolumbia
69%
29.1 millon Indie
64%
2.38 milion Meksyk
60%
6.53 milion Ekwador
49%
7.01 million Indonezja
48%
1.94 milion Wietnam
32%
5.83 milion Filipiny
26%
2.41 milion Kostaryka
26%
3.78 milion Gwatemala
17%
3.56 milion Tanzania
15%
3.86 milion Angola
14%
3.04 milion Rwanda
3%
Nie znaleziono quizów pasujących do podanych kryteriów
Rozkład punktacji
Procent ludzi z każdym wynikiem
Percentyl według liczby udzielonych odpowiedzi
Twoja historia wyników
Nie rozwiązałeś tego quizu